NBA/ABA Top 250 Assists Leaders - Statistics

General Stats
  • This quiz has been taken 4 times
  • The average score is 140 of 250
Answer Stats
Rank Player AST % Correct
137 Alvin Robertson 3929
100%
13 Andre Miller 8524
100%
185 Anfernee Hardaway 3525
100%
188 Archie Clark 3498
100%
45 Avery Johnson 5846
100%
42 Baron Davis 6025
100%
244 Blake Griffin 3055
100%
22 Bob Cousy 6955
100%
85 Brad Davis 4709
100%
196 Carmelo Anthony 3422
100%
2 Chris Paul 12552
100%
184 Chris Webber 3526
100%
235 Clifford Robinson 3094
100%
39 Clyde Drexler 6125
100%
41 Damian Lillard 6069
100%
60 Damon Stoudamire 5371
100%
56 Dennis Johnson 5499
100%
30 Derek Harper 6577
100%
24 Deron Williams 6819
100%
152 Devin Booker 3792
100%
80 Doc Rivers 4889
100%
240 Dolph Schayes 3072
100%
67 Draymond Green 5188
100%
49 Dwyane Wade 5701
100%
195 Eddie Johnson 3436
100%
247 Elfrid Payton 3034
100%
11 Gary Payton 8966
100%
100 Giannis Antetokounmpo 4456
100%
112 Grant Hill 4252
100%
92 Gus Williams 4597
100%
10 Isiah Thomas 9061
100%
12 James Harden 8717
100%
135 Jarrett Jack 3952
100%
3 Jason Kidd 12091
100%
91 Jason Williams 4611
100%
37 Jerry West 6238
100%
241 Jimmy Jones 3069
100%
90 Joe Dumars 4612
100%
77 Joe Johnson 5001
100%
40 John Havlicek 6114
100%
207 John Johnson 3285
100%
199 Johnny Davis 3368
100%
237 John Starks 3085
100%
1 John Stockton 15806
100%
48 John Wall 5735
100%
29 Jrue Holiday 6617
100%
68 Julius Erving 5176
100%
73 Kevin Durant 5137
100%
57 Kevin Garnett 5445
100%
28 Kevin Johnson 6711
100%
36 Kobe Bryant 6306
100%
19 Kyle Lowry 7107
100%
105 Kyrie Irving 4364
100%
179 Lamar Odom 3554
100%
50 Larry Bird 5695
100%
167 Latrell Sprewell 3664
100%
4 LeBron James 11849
100%
153 Lou Williams 3789
100%
220 Lucius Allen 3174
100%
129 Luka Dončić 4071
100%
8 Magic Johnson 10141
100%
131 Manu Ginóbili 4001
100%
6 Mark Jackson 10334
100%
81 Mark Price 4863
100%
53 Michael Jordan 5633
100%
25 Mike Conley 6751
100%
147 Monta Ellis 3856
100%
132 Mo Williams 3990
100%
27 Muggsy Bogues 6726
100%
46 Nikola Jokić 5813
100%
9 Oscar Robertson 9887
100%
138 Pau Gasol 3925
100%
86 Paul Pierce 4708
100%
176 Pete Maravich 3563
100%
15 Rajon Rondo 7584
100%
106 Ray Allen 4361
100%
154 Ray Williams 3779
100%
172 Reggie Jackson 3606
100%
125 Reggie Miller 4141
100%
64 Rickey Green 5221
100%
140 Ron Harper 3916
100%
7 Russell Westbrook 10270
100%
44 Sam Cassell 5939
100%
38 Scottie Pippen 6135
100%
248 Shaquille O'Neal 3026
100%
108 Spud Webb 4342
100%
26 Stephen Curry 6729
100%
32 Stephon Marbury 6471
100%
193 Steve Blake 3446
100%
5 Steve Nash 10335
100%
115 Tim Duncan 4225
100%
20 Tim Hardaway 7095
100%
31 Tiny Archibald 6476
100%
21 Tony Parker 7036
100%
123 Tracy McGrady 4161
100%
224 Tyus Jones 3157
100%
84 Vince Carter 4714
100%
216 Vinnie Johnson 3212
100%
182 Vlade Divac 3541
100%
143 Walter Davis 3878
100%
162 Al Horford 3712
50%
54 Allen Iverson 5624
50%
72 Andre Iguodala 5147
50%
245 Artis Gilmore 3050
50%
126 Bill Russell 4100
50%
206 Billy Cunningham 3305
50%
165 Boris Diaw 3684
50%
194 Bradley Beal 3442
50%
226 Brandon Jennings 3151
50%
116 Charles Barkley 4215
50%
214 Charles Oakley 3217
50%
187 Charlie Scott 3515
50%
52 Chauncey Billups 5636
50%
218 CJ McCollum 3193
50%
164 D'Angelo Russell 3690
50%
120 Danny Ainge 4199
50%
59 Dave Bing 5397
50%
177 De'Aaron Fox 3557
50%
75 DeMar DeRozan 5091
50%
151 Derek Fisher 3804
50%
155 Derrick Rose 3770
50%
149 Detlef Schrempf 3833
50%
145 Devin Harris 3869
50%
168 Dirk Nowitzki 3651
50%
212 Domantas Sabonis 3240
50%
173 Earl Monroe 3594
50%
169 Elgin Baylor 3650
50%
180 Eric Bledsoe 3545
50%
222 Fred Brown 3160
50%
103 Goran Dragić 4405
50%
23 Guy Rodgers 6917
50%
243 Hakeem Olajuwon 3058
50%
95 Hal Greer 4540
50%
246 Ish Smith 3044
50%
189 Jack Sikma 3488
50%
183 Jalen Rose 3527
50%
94 Jamal Crawford 4541
50%
97 Jameer Nelson 4508
50%
58 Jason Terry 5415
50%
62 Jeff Hornacek 5281
50%
93 Jeff Teague 4585
50%
134 Jimmy Butler 3957
50%
33 John Lucas 6454
50%
127 Jo Jo White 4095
50%
71 José Calderón 5148
50%
51 Kareem Abdul-Jabbar 5660
50%
63 Karl Malone 5248
50%
128 Kenny Smith 4073
50%
61 Kevin Porter 5314
50%
219 Khris Middleton 3182
50%
113 Kirk Hinrich 4245
50%
17 Lenny Wilkens 7211
50%
161 Luke Ridnour 3713
50%
16 Maurice Cheeks 7392
50%
141 Michael Ray Richardson 3899
50%
55 Mike Bibby 5517
50%
197 Mitch Richmond 3398
50%
43 Mookie Blaylock 5972
50%
47 Nick Van Exel 5777
50%
35 Norm Nixon 6386
50%
191 Paul George 3469
50%
175 Paul Westphal 3591
50%
122 Pooh Richardson 4180
50%
98 Randy Smith 4487
50%
74 Raymond Felton 5096
50%
34 Reggie Theus 6453
50%
230 Richard Hamilton 3125
50%
78 Rick Barry 4952
50%
70 Ricky Rubio 5160
50%
14 Rod Strickland 7987
50%
142 Scott Skiles 3881
50%
Slater Martin 3160
50%
190 Steve Francis 3473
50%
18 Terry Porter 7160
50%
82 Trae Young 4837
50%
204 Ty Lawson 3316
50%
76 Walt Frazier 5040
50%
150 Wes Unseld 3822
50%
89 Wilt Chamberlain 4643
50%
107 Alex English 4351
0%
201 Allen Leavell 3339
0%
130 Alvan Adams 4012
0%
157 Andy Phillip 3759
0%
221 Antoine Walker 3170
0%
210 Bill Melchionni 3247
0%
205 Bimbo Coles 3313
0%
99 Brevin Knight 4481
0%
139 Brian Shaw 3918
0%
104 Calvin Murphy 4402
0%
192 Chris Mullin 3450
0%
239 Darnell Valentine 3080
0%
198 Darrell Armstrong 3394
0%
208 Darrell Walker 3276
0%
Darren Collison 3545
0%
124 David Wesley 4159
0%
110 Dennis Schröder 4329
0%
119 Dick McGuire 4205
0%
242 Dick Van Arsdale 3060
0%
156 D.J. Augustin 3761
0%
101 Don Buse 4425
0%
144 Earl Watson 3871
0%
Eric Snow 4245
0%
87 Fat Lever 4696
0%
234 Foots Walker 3111
0%
231 Fred VanVleet 3121
0%
83 Gail Goodrich 4805
0%
236 George McGinnis 3089
0%
228 Gerald Henderson 3141
0%
202 Jamaal Tinsley 3330
0%
109 Jay Humphries 4339
0%
249 Jeff Mullins 3023
0%
Jerry Stackhouse 3240
0%
209 J.J. Barea 3270
0%
133 John Bagley 3980
0%
146 Johnny Moore 3866
0%
136 Kemba Walker 3938
0%
66 Kenny Anderson 5196
0%
215 Larry Costello 3215
0%
163 Larry Drew 3702
0%
88 Louie Dampier 4687
0%
170 Mack Calvin 3617
0%
250 Marcus Smart 3022
0%
118 Michael Adams 4209
0%
166 Michael Cooper 3666
0%
211 Michael Finley 3245
0%
227 Mike Gale 3146
0%
200 Mike Newlin 3364
0%
79 Nate McMillan 4893
0%
174 Nicolas Batum 3592
0%
65 Norm Van Lier 5217
0%
160 Paul Pressey 3715
0%
238 Phil Ford 3083
0%
233 Quinn Buckner 3114
0%
217 Rafer Alston 3202
0%
117 Richie Guerin 4211
0%
Ricky Sobers 3525
0%
148 Ron Boone 3842
0%
121 Rory Sparrow 4192
0%
158 Sam Lacey 3754
0%
171 Sedale Threatt 3613
0%
96 Sherman Douglas 4536
0%
69 Sleepy Floyd 5175
0%
225 Spencer Dinwiddie 3153
0%
102 Terrell Brandon 4407
0%
159 T.J. McConnell 3736
0%
229 Tom Henderson 3136
0%
232 Toni Kukoč 3119
0%
111 Vern Fleming 4293
0%
178 Walt Hazzard 3555
0%
203 World B. Free 3319
0%
No matching quizzes found
Score Distribution
Percent of People with Each Score
Percentile by Number Answered
Your Score History
You have not taken this quiz